| 000 | 00909nam a2200265 4500 | ||
|---|---|---|---|
| 003 | OSt | ||
| 005 | 20260601171006.0 | ||
| 008 | 260501b2003\\\\ag\a||||\||||\00|\0\spa\d | ||
| 020 | _a9502908945 | ||
| 040 |
_aICI _bspa _cICI |
||
| 041 | _aspa | ||
| 050 |
_aNK1431 _bA58 2003 |
||
| 100 | 1 |
_aArq Victoria Miglori _932294 |
|
| 110 |
_aUniversidad de Buenos Aires. _bFacultad de Arquitectura, Diseño y Urbanismo _932295 |
||
| 245 | 1 | _aAnuario de diseño | |
| 264 |
_aBuenos Aires : _bUniversidad de Buenos Aires. Facultad de Arquitectura, Diseño y Urbanismo, _c2003 |
||
| 300 |
_a304 páginas : _bilustraciones |
||
| 336 |
_atexto _2rdacontent |
||
| 337 |
_asin medio _2rdamedia |
||
| 338 |
_avolumen _2rdacarrier |
||
| 650 | 1 |
_aDiseño gráfico _vCatálogos _zArgentina _932296 |
|
| 650 | 2 |
_aDiseño industrial _zArgentina _932297 |
|
| 650 | 2 |
_aDiseño de indumentaria _zArgentina _932298 |
|
| 942 |
_2lcc _cB _n1 |
||
| 999 |
_c20286 _d20286 |
||